000 00356nam a2200145 i 4500
001 bg
245 0 _aNauka o polityce :
_bpodręcznik akademicki /
_cpod red. Artura Bodnara.
260 _aWarszawa,
_c1984.
700 1 _aBodnar, Artur.
_eRed.
040 _cBPK
041 _apol
080 _a32
942 _cKS
008 s pl f |000 0 pol
999 _c1088
_d1088
856 _uhttp://koha.tu.koszalin.pl/cgi-bin/koha/opac-detail.pl?biblionumber=1088
_yKatalog online BPK